000 00753nam a22002657a 4500
003 UA-OsUOA
001 62010
007 ta
008 20090810b un ||||| |||| 00| 0 ukr d
100 _aБутковська Н. О.
700 _aЄщенко Ю. Ф.
700 _aМаслова Н. І.
090 _a913(075.8)
_bБ93
942 _cBK
040 _aUA-OsUOA
_beng
_cUA-OsUOA
_dUA-OsUOA
245 _aКраїнознавство. Мистецтво США
300 _a112 с.
955 _a2
041 _aeng
080 _a913(075.8)
020 _a978-611-00-0032-1
260 _aХарків
_bВидавнича група "Основа"
_c2009
650 7 _a913 Регіональна географія
_2UDC
999 _c348005
_d348005